Návrh zlepšenia systému manažmentu ľudských zdrojov v spoločnosti INA Skalica spol. s r.o.

Uložené v:
Podrobná bibliografia
Hlavný autor: Zapletalová, Miroslava (Autor)
Ďalší autori: Baran, Dušan (Vedúci práce)
Médium: Rukopis Kniha
Jazyk:Slovak
Vydavateľské údaje: 2016
Predmet:
On-line prístup:http://is.stuba.sk/zp/portal_zp.pl?podrobnosti=119193
Tagy: Pridať tag
Žiadne tagy, Buďte prvý, kto otaguje tento záznam!

MARC

LEADER 00000ntm a22000003a 4500
001 stuzp56661
003 SK-STU
005 20160719155046.4
007 ta
008 150427s2015----xo-----f-mn---000-0-slo-d
040 |a STU  |b slo 
041 0 |a slo 
100 1 |a Zapletalová, Miroslava  |u 064000  |k Z4  |4 aut  |U MTF Materiálovotechnologická fakulta  |T MTF Ústav priemyselného inžinierstva a manažmentu  |X 30137  |U M4000  |Y 84  |7 A000030137 
242 0 1 |a Proposal of HR System Improvement in company INA Skalica spol. s r.o.  |y eng 
245 1 0 |a Návrh zlepšenia systému manažmentu ľudských zdrojov v spoločnosti INA Skalica spol. s r.o. 
260 |c 2016 
650 4 |a Získavanie a výber zamestnancov  |2 slo 
650 4 |a Adaptácia  |2 slo 
650 4 |a Riadenie  |2 slo 
650 4 |a Manažment ľudských zdrojov  |2 slo 
650 4 |a Odmeňovanie  |2 slo 
650 4 |a Kvalita pracovného prostredia  |2 slo 
650 4 |a Vzdelávanie  |2 slo 
650 4 |a Recruitment and Selection of Employees  |2 eng 
650 4 |a Adaptation  |2 eng 
650 4 |a Controling  |2 eng 
650 4 |a HR Management  |2 eng 
650 4 |a Education  |2 eng 
650 4 |a Reward System  |2 eng 
650 4 |a Quality of Working Environment  |2 eng 
700 1 |a Baran, Dušan  |u 064000  |k Z1  |4 ths  |U MTF Materiálovotechnologická fakulta  |T MTF Ústav priemyselného inžinierstva a manažmentu  |X 1021  |U M4000  |Y 84  |7 A000001021 
856 4 |u http://is.stuba.sk/zp/portal_zp.pl?podrobnosti=119193 
996 |c M* DP-12750  |l MMSKP  |s P  |a 0  |w stuzp56661_0001 
SQL |a stuzp56661  |b DDP  |c SLO  |d Návrh zlepšenia systému manažmentu ľudských zdrojov v spoločnosti INA Skalica spol. s r.o.  |e 30137  |f Zapletalová, Miroslava  |g 064000  |h 1021  |i Baran, Dušan  |j 20160531  |k 189  |l 06  |m http://is.stuba.sk/zp/portal_zp.pl?podrobnosti=119193  |n I-PMA  |o 5.2.52. priemyselné inžinierstvo